000
00298nam a22001337a 4500
008
170801b xxu||||| |||| 00| 0 eng d
020
_a
3540503358
041
_a
eng
080
_a
004
100
_a
32
101
_a
SHKI
245
_a
LECTURE NOTES IN COMPUTER SCIENCE
_c
GOOS, G
942
_2
udc
_c
BK
999
_c
22418
_d
22418